000 00798cam a2200229 a 4500
001 000035063
005 20200930074059.0
008 691027s1965 ag 000 0 eng
040 _aDO-SdBNP
_bspa
_cBNPHU
082 _axxxx
_bF587m
100 1 _aFlaubert, Gustave,
_d1821-1880.
_95303
240 1 0 _aMadame Bovary
_lEspañol
245 1 0 _aMadame Bovary /
_cGustave Flaubert ; versión castellana y estudio preliminar de María Angélica Bosco.
260 _aBuenos Aires :
_bCompañía General Fabril Editora,
_c1965.
300 _a328 p. ;
_c17 cm.
490 1 _aLos libros de Marisol
500 _aTraducido del francés
650 4 _aNovela francesa
_91075
650 4 _aLiteratura francesa
_91074
700 1 _aBosco, María Angélica
_etr.
_960709
830 0 _aLos libros de Marisol
_960710
999 _c34554
_d34554